000 00538nam a2200181Ia 4500
005 20250508153520.0
008 008 250505s9999 xx 000 0 eng d
037 _aBooks to be hide in OPAC
040 _aFEDL
_beng
_cFEDL
041 _aeng
_2eng
084 _a509.47, PIS/O
_qFEDL
100 _aPisarzhevsky Oleg
_9764161
245 0 _aIn the world of Soviet science
260 _aNew Delhi, India
_bRepresentative of Tass in India
_c1954
300 _a66p.
942 _cHB
_h509.47, PIS/O
999 _c1343427
_d1343427